Регионална библиотека "Любен Каравелов" - Русе

Големите трагедии (Запис номер 99158)

MARC детайли
000 -Лидер
Контролно поле с фиксирана дължина 02091nam a2200481 c 4500
003 - Код на организацията, давaща контролен номер
Контролно поле BLK
005 - Дата и час на последна редакция
Контролно поле 20180422105237.0
008 - Елементи от данни с фиксирана дължина
fixed length control field 180409b bul|||||r ||||||| ||bul||
010 ## - Наследен системен номер
LC control number KNG00104157000
020 ## - Международен стандартен номер на книга ISBN
Международен стандартен номер на книга ISBN 954-8517-33-7
-- издат.: ICON
040 ## - Източник на каталожния запис
Идентификатор на билиотеката - собственик на записа BLK
041 ## - Код за език
Код за езика на текст/звукозапис или на отделно заглавие Български
Код за езика КДБФ Български
080 ## - УДК
Текстов определител УДК Обща световна история. История на света
УДК код - определител по УДК 930.9
УДК определител
УДК - код + определител 930.9
080 ## - УДК
Текстов определител УДК Обща геология. Метеорология. Климатология. Историческа геология. Стратиграфия. Палеогеография
УДК код - определител по УДК 551
УДК определител
УДК - код + определител 551
080 ## - УДК
Текстов определител УДК Аварии и произшествия в транспорта. Оказване на помощ. Вж и 614.8
УДК код - определител по УДК 656.08
УДК определител
УДК - код + определител 656.08
080 ## - УДК
Текстов определител УДК Медицина
УДК код - определител по УДК 61
УДК определител
УДК - код + определител 61
080 ## - УДК
Текстов определител УДК Политика. Вж и 341 ; 342
УДК код - определител по УДК 32
УДК определител
УДК - код + определител 32
139 ## - Редно поле
Редна дума Големите трагедии
Авторски знак Гол - Г 63
245 10 - Сведения за заглавието
Заглавие Големите трагедии
Редно поле (дума) отг. ред. Michel Guillemot; отг. ред. Martine Criton; прев. от фр. Милен Атанасов; прев. от фр. Стефан Тодоров.
257 ## - Страна на издаване
Страна на създаване/издаване Франция
260 ## - Област на издателските данни
-- София
Име на издателя, разпространителя и проч. ICON
Година на издаване 2002
Печатница София : Д. Благоев
300 ## - Физическа характеристика
Страници 320 с.
Илюстрации и др. с ил.
Размери/Мащаб 29 см
380 ## - Жанр
Жанр История
490 1# - СЕРИИ (Колекции)
Име на серия Larousse
490 1# - СЕРИИ (Колекции)
-- Подсерия
Име на серия Паметта на човечеството
500 ## - Общи забележки
Забележка Офс. изд. - Съдържа и Индекс.
650 #4 - Допълнително описание по предмет – тема
Основно описание – тема или топоним История, световна
9 (RLIN) 261939
650 #4 - Допълнително описание по предмет – тема
Основно описание – тема или топоним Катастрофи
9 (RLIN) 158365
650 #4 - Допълнително описание по предмет – тема
Основно описание – тема или топоним Бедствия
9 (RLIN) 148215
653 ## - Ключова дума – ненормативна
Ключова дума бедствия
653 ## - Ключова дума – ненормативна
Ключова дума катастрофи
653 ## - Ключова дума – ненормативна
Ключова дума войни
653 ## - Ключова дума – ненормативна
Ключова дума болести
700 1# - Други автори (авторска отговорност)
Лично име Guillemot, Michel
Автороска отговорност (Описва отношението между автора и произведението) отг. ред.
9 (RLIN) 11956
700 1# - Други автори (авторска отговорност)
Лично име Criton, Martine
Автороска отговорност (Описва отношението между автора и произведението) отг. ред.
9 (RLIN) 7759
700 1# - Други автори (авторска отговорност)
Лично име Атанасов, Милен
Автороска отговорност (Описва отношението между автора и произведението) прев. от фр.
9 (RLIN) 366719
700 1# - Други автори (авторска отговорност)
Лично име Тодоров, Стефан
Автороска отговорност (Описва отношението между автора и произведението) прев. от фр.
9 (RLIN) 366288
852 ## - Местоположение
Форматна сигнатура Цб ІІ 11782
856 4# - Електронен адрес и достъп
Електронен формат pdf - файл
Път до файла /url/
856 4# - Електронен адрес и достъп
Електронен формат pdf - файл
Път до файла /url/
942 ## - АРТИКУЛИ
Вид на библиотечния материал Книги
Скрит в OPAC Не
944 ## - СЪЗДАВАНЕ И РЕДАКЦИЯ на ЗАПИСА
Създаване/Редакция Създаване
Дата на регистрацията/редакция 01.01.2002
Служител, извършил регистрацията/редакцията Геновева_Генчева
944 ## - СЪЗДАВАНЕ И РЕДАКЦИЯ на ЗАПИСА
Създаване/Редакция Редакция
Дата на регистрацията/редакция 19.05.2004
Служител, извършил регистрацията/редакцията
999 ## - СИСТЕМНИ КОНТРОЛНИ НОМЕРА
Koha biblionumber 99158
Koha biblioitemnumber 99158
Наличности
Код за отписване Код за изгубен артикул Код за повреда Коз за рестрикции Код за отдаване Артикулен № Име на библиотеката - собственик Име на библиотеката, в която се намира в момента Статус (Текущо местоположение) Дата на вписване в системата Местоположение - отдел Цена в лева Инвентарен номер Систематично азбучна сигнатура Баркод Номер на екземпляра Цена в евро Служебна бележка Служебен тип на артикула Източник на класификационната схема
  Не е изгубен Не е повреден без рестрикции заемане за дома 159752 Регионална библиотека "Любен Каравелов" Русе Регионална библиотека "Любен Каравелов" Русе Детски отдел 2002-11-12 Детски отдел 45.00 120000673277 Д 93/99/Г 63 120000673277 1 23.01 Дост: Pk Вид: Ф N: 37 Дата: 12.11.2002 Дата инв: 21.08.2015 Бележки инв: Д2015 Книги  
  Не е изгубен Не е повреден без рестрикции ползва се в читалня 159753 Регионална библиотека "Любен Каравелов" Русе Регионална библиотека "Любен Каравелов" Русе Читалня 2003-11-14 Читалня 45.00 120000680028 Ч 93/94/Г 63 120000680028 2 23.01 Дост: DA Вид: А N: 28 Дата: 14.11.2003 Дата инв: 30.03.2017 Бележки инв: Ч2017 Книги Universal Decimal Classification
  Не е изгубен Не е повреден само за читалня ползва се в читалня 159754 Регионална библиотека "Любен Каравелов" Русе Регионална библиотека "Любен Каравелов" Русе Хранилище 2004-05-10 Хранилище 45.00 120000685308 Цб ІІ 11782 120000685308 3 23.01 Дост: Dp Вид: Д N: 27 Дата: 25.06.2003 Книги Universal Decimal Classification
Vip Innovations Ltd, Rousse, Bulgaria 2025